|
|
|
|
| LEADER |
00000nas a2200000 a 4500 |
| 001 |
ssj0018717 |
| 003 |
WaSeSS |
| 005 |
20200512172242.0 |
| 006 |
m d |
| 007 |
cr n |
| 008 |
980824c19979999enkbr p s 0 a0eng c |
| 010 |
|
|
|a sn 98053550
|
| 015 |
|
|
|a 019416164
|2 dnb
|
| 016 |
7 |
|
|a 1447931-X
|2 DE-600
|
| 016 |
7 |
|
|a 011454156
|2 Uk
|
| 016 |
7 |
|
|a 019416164
|2 DE-101
|
| 022 |
|
|
|l 1367-0069
|y 1367-0069
|
| 030 |
|
|
|a IJBIFH
|
| 035 |
|
|
|a (WaSeSS)ssj0018717
|
| 040 |
|
|
|a HLS
|b eng
|c HLS
|d CAS
|d CUS
|d WAU
|d SYS
|d CUS
|d CDS
|d NLGGC
|d OCLCQ
|d CUS
|d DLC
|d LGG
|d DLC
|d OCLCQ
|d GBVCP
|d UKMGB
|d OCLCQ
|d UPM
|d OCLCF
|d CUS
|d VT2
|d OCLCO
|d RDF
|d WaSeSS
|
| 042 |
|
|
|a pcc
|
| 050 |
0 |
0 |
|a P115
|b .I582
|
| 082 |
1 |
0 |
|a 404
|2 14
|
| 245 |
0 |
4 |
|a The international journal of bilingualism
|h [electronic resource].
|
| 246 |
1 |
3 |
|a IJB
|
| 260 |
|
|
|a London :
|b Kingston Press Service,
|c 1997-
|
| 310 |
|
|
|a Bimonthly,
|b 2013-
|
| 321 |
|
|
|a Three times a year,
|b 1997-1998
|
| 321 |
|
|
|a Quarterly,
|b 1999-2012
|
| 362 |
0 |
|
|a Vol. 1, no. 1 (Mar. 1997)-
|
| 500 |
|
|
|a Title from cover.
|
| 500 |
|
|
|a "Cross-disciplinary, cross-linguistic studies of language behavior." (varies)
|
| 500 |
|
|
|a Vols. for <2008-> published by: Sage.
|
| 506 |
|
|
|a License restrictions may limit access.
|
| 515 |
|
|
|a Vol. 1, no. 1 also called Apr. 1997.
|
| 515 |
|
|
|a Vol. 1 complete in two issues.
|
| 525 |
|
|
|a Some numbers are called special issues.
|
| 588 |
|
|
|a Latest issue consulted: Vol. 17, no. 5 (Oct. 2013).
|
| 650 |
|
0 |
|a Bilingualism
|v Periodicals.
|
| 650 |
|
0 |
|a Language acquisition
|v Periodicals.
|
| 650 |
1 |
7 |
|a Tweetaligheid.
|2 gtt
|
| 650 |
|
7 |
|a Bilingualism.
|2 fast
|0 (OCoLC)fst00831739
|
| 650 |
|
7 |
|a Language acquisition.
|2 fast
|0 (OCoLC)fst00992119
|
| 655 |
|
0 |
|a Electronic journals.
|
| 850 |
|
|
|a DLC
|a MH
|
| 853 |
0 |
0 |
|8 1
|a v.
|b no.
|i (year)
|j (month)
|
| 853 |
2 |
0 |
|8 2
|a v.
|b no.
|u 4
|v r
|i (year)
|j (month)
|w q
|x 03,06,09,12
|
| 856 |
4 |
0 |
|z Full text available from Research Library: 03/01/2008 to 08/31/2016
|u https://search.proquest.com/publication/38336
|
| 863 |
4 |
0 |
|8 1
|a <1>-
|i <1997>-
|x provisional
|
| 863 |
4 |
1 |
|8 2.1
|a <6 >
|b <2 >
|i <2002>
|j <06 >
|